000 00354 a2200169 4500
001 189804
020 _a978-85-260-1705-4
040 _cMagnum
100 _aFrança, Mary
240 1 0 _aAlegria, alegria!
_lpor
245 1 0 _aAlegria, alegria!
300 _a31
362 0 _a2012
440 1 _aGlobal
697 _aLITERATURA INFANTIL
942 _cBK
999 _c189804
_d189804